000 00751nam a2200265 i 4500
001 C2-0113359
003 PPAK
005 20180727104215.0
008 970706s1994 vaua|||| ||||| | eng d
020 _a0783510004
040 _aPPAK
_beng
_cPPAK
_erda
082 0 4 _a616.079
_223
090 0 0 _a616.079
_bDEF
_dR
245 0 4 _aThe defending army
250 _aTime-Life Books
264 1 _aVirginia :
_bTime-Life Books ,
_c1994
300 _a144 pages :
_bcolour illustrations ;
_c28 cm
336 _2rdacontent
_atext
337 _2rdamedia
_aunmediated
338 _2rdacarrier
_avolume
490 1 _aJourney through the mind and body
650 1 0 _aImmunity - Popular works
830 0 _aJourney through the mind and body
942 _ddc
_cB
999 _c28672
_d28672